Fundamentals of Marketing (Record no. 11852)

MARC details
000 -LEADER
fixed length control field 00456nam a22001937a 4500
003 - CONTROL NUMBER IDENTIFIER
control field OSt
008 - FIXED-LENGTH DATA ELEMENTS--GENERAL INFORMATION
fixed length control field 230302b ||||| |||| 00| 0 eng d
020 ## - INTERNATIONAL STANDARD BOOK NUMBER
International Standard Book Number 9789327284546
082 ## - DEWEY DECIMAL CLASSIFICATION NUMBER
Classification number 658.8 SOF
100 ## - MAIN ENTRY--PERSONAL NAME
Personal name SONTAKKI, C.N.
245 ## - TITLE STATEMENT
Title Fundamentals of Marketing
250 ## - EDITION STATEMENT
Edition statement 1st ed.
260 ## - PUBLICATION, DISTRIBUTION, ETC. (IMPRINT)
Place of publication, distribution, etc New Delhi
Name of publisher, distributor, etc Kalyani Publishers
Date of publication, distribution, etc 2018
300 ## - PHYSICAL DESCRIPTION
Extent MISC
650 ## - SUBJECT ADDED ENTRY--TOPICAL TERM
Topical term or geographic name as entry element B.Com.
700 ## - ADDED ENTRY--PERSONAL NAME
Personal name GUPTA, Neeti
700 ## - ADDED ENTRY--PERSONAL NAME
Personal name GUPTA, Anuj
942 ## - ADDED ENTRY ELEMENTS (KOHA)
Source of classification or shelving scheme Dewey Decimal Classification
Koha item type Text Books
Holdings
Withdrawn status Lost status Source of classification or shelving scheme Damaged status Not for loan Collection code Home library Current library Date acquired Source of acquisition Currency Cost, normal purchase price Bill Number Total Checkouts Full call number Acc. no. / Barcode Date last seen Actual Cost, discounted price Bill Date Koha item type Date last borrowed
    Dewey Decimal Classification     B.Com PIET NCR College Library PIET NCR College Library 16/02/2023 International Book Centre In Rupees 260.00 IB/IN/1152   658.8 SOF N3382 02/03/2023 213.20 16/02/2023 Reference Books  
    Dewey Decimal Classification     B.Com PIET NCR College Library PIET NCR College Library 16/02/2023 International Book Centre In Rupees 260.00 IB/IN/1152 4 658.8 SOF N3383 04/07/2023 213.20 16/02/2023 Text Books 15/05/2023
    Dewey Decimal Classification     B.Com PIET NCR College Library PIET NCR College Library 16/02/2023 International Book Centre In Rupees 260.00 IB/IN/1152 5 658.8 SOF N3384 14/03/2024 213.20 16/02/2023 Text Books 27/02/2024
    Dewey Decimal Classification     B.Com PIET NCR College Library PIET NCR College Library 16/02/2023 International Book Centre In Rupees 260.00 IB/IN/1152 6 658.8 SOF N3385 19/03/2024 213.20 16/02/2023 Text Books 13/03/2024
    Dewey Decimal Classification     B.Com PIET NCR College Library PIET NCR College Library 16/02/2023 International Book Centre In Rupees 260.00 IB/IN/1152 3 658.8 SOF N3386 17/05/2024 213.20 16/02/2023 Text Books 14/05/2024

Design & Developed by: PIET Central Library
R70 Miles Stone Pattikalyana Samalkha Panipat 132102
mail ID :- [email protected], Phone No:- 0180-2569700 Ex.216